| Tag |
First Indicator |
Second Indicator |
Subfields |
| LEADER |
00000cam a2200000 a 4500 |
| 001 |
in00000029264 |
| 005 |
20151007060148.0 |
| 008 |
870513s1988 nju b 00110 eng |
| 010 |
|
|
|a 87003076
|
| 020 |
|
|
|a 039103457X :
|c $22.50
|
| 020 |
|
|
|a 0391034588 (pbk.) :
|c $7.95
|
| 035 |
|
|
|a (OCoLC)15789790
|
| 035 |
|
|
|9 AAC0186AM
|
| 040 |
|
|
|a DLC
|c DLC
|d TXA
|d UtOrBLW
|
| 049 |
|
|
|a TXAM
|c [A10938236]
|
| 050 |
0 |
0 |
|a PR3562
|b .S77 1988
|
| 082 |
0 |
|
|a 821/.4
|2 19
|
| 100 |
1 |
|
|a Stocker, Margarita.
|
| 245 |
1 |
0 |
|a Paradise lost /
|c Margarita Stocker.
|
| 264 |
|
1 |
|a Atlantic Highlands, NJ :
|b Humanities Press International,
|c 1988.
|
| 300 |
|
|
|a 95 pages ;
|c 23 cm.
|
| 336 |
|
|
|a text
|b txt
|2 rdacontent
|
| 337 |
|
|
|a unmediated
|b n
|2 rdamedia
|
| 338 |
|
|
|a volume
|b nc
|2 rdacarrier
|
| 490 |
1 |
|
|a The Critics debate
|
| 504 |
|
|
|a Bibliography: pages 86-93.
|
| 500 |
|
|
|a Includes index.
|
| 600 |
1 |
0 |
|a Milton, John,
|d 1608-1674.
|t Paradise lost.
|
| 830 |
|
0 |
|a Critics debate.
|
| 999 |
|
|
|a MARS
|
| 999 |
f |
f |
|s 059c1152-eac1-3fcf-bc2f-c8a084d4c30a
|i 9f03491b-e5ae-3ec3-b4bb-59cb420d5d0f
|t 0
|
| 952 |
f |
f |
|p normal
|a Texas A&M University
|b College Station
|c Sterling C. Evans Library
|d Evans: Library Stacks
|t 0
|e PR3562 .S77 1988
|h Library of Congress classification
|i unmediated -- volume
|m A14810938236
|
| 998 |
f |
f |
|a PR3562 .S77 1988
|t 0
|l Evans: Library Stacks
|